000 00978nam a2200229Ia 4500
001 220.5-BIB gi (15112)
003 IT-MiSPE
008 171229s9999||||xx |||||||||||||| ||und||
040 _aIT-MiSPE
_cIT-MiSPE
041 _aITALIANO
100 _aAA.VV.
245 0 _aBibbia in giapponese
250 _a2a ed.
260 _aTokyo
_bJapan Bible Society
_c1988
300 _aXII, 1502, 381, 480, (55) p.
_c15 cm
501 _aEdizioni San Paolo srl - Piazza Soncino, 5 - 20092 CINISELLO BALSAMO (MI) (non commercial uses only) ® Copyright 2018
520 _aCart. geo.
650 _aBIBBIA, in giapponese
942 _cBK
957 _71
999 _a1488
_bNO
_g Copie: 1
_c337790
_d337790